Industrial applications of nuclear energy. (Record no. 51488)

MARC details
000 -LEADER
fixed length control field 01072cam a22002771 4500
001 - CONTROL NUMBER
control field pa 62000003
003 - CONTROL NUMBER IDENTIFIER
control field DLC
005 - DATE AND TIME OF LATEST TRANSACTION
control field 20260227111855.0
008 - FIXED-LENGTH DATA ELEMENTS--GENERAL INFORMATION
fixed length control field 770520s1961 dcuab b 100 0 eng c
010 ## - LIBRARY OF CONGRESS CONTROL NUMBER
LC control number pa 62000003
035 ## - SYSTEM CONTROL NUMBER
System control number (OCoLC)2981902
040 ## - CATALOGING SOURCE
Original cataloging agency Pan American Union Library
Transcribing agency NbU
Modifying agency OCoLC
-- DLC
041 0# - LANGUAGE CODE
Language code of text/sound track or separate title engporspa
042 ## - AUTHENTICATION CODE
Authentication code premarc
050 00 - LIBRARY OF CONGRESS CALL NUMBER
Classification number TK9006
Item number .I475 1960c
082 ## - DEWEY DECIMAL CLASSIFICATION NUMBER
Classification number 621.489
111 2# - MAIN ENTRY--MEETING NAME
Meeting name or jurisdiction name as entry element Inter-American Symposium on the Peaceful Application of Nuclear Energy
Number of part/section/meeting (3rd :
Date of meeting or treaty signing 1960 :
Location of meeting Rio de Janeiro)
245 10 - TITLE STATEMENT
Title Industrial applications of nuclear energy.
260 ## - PUBLICATION, DISTRIBUTION, ETC.
Place of publication, distribution, etc. Washington,
Name of publisher, distributor, etc. Pan American Union,
Date of publication, distribution, etc. 1961.
300 ## - PHYSICAL DESCRIPTION
Extent xi, 369 p.
Other physical details illus., maps, diagrs., tables.
Dimensions 28 cm.
500 ## - GENERAL NOTE
General note English, Portuguese or Spanish.
500 ## - GENERAL NOTE
General note Held under the auspices of the Inter-American Nuclear Energy Commission and the National Nuclear Energy Commission of Brazil.
504 ## - BIBLIOGRAPHY, ETC. NOTE
Bibliography, etc. note Includes bibliographies.
650 #0 - SUBJECT ADDED ENTRY--TOPICAL TERM
Topical term or geographic name entry element Nuclear energy
General subdivision Research
-- International cooperation.
650 #0 - SUBJECT ADDED ENTRY--TOPICAL TERM
Topical term or geographic name entry element Nuclear energy
General subdivision Economic aspects
Form subdivision Congresses.

No items available.

Powered by Koha